MLB Team By City - Statistics

General Stats
  • This quiz has been taken 32 times
  • The average score is 25 of 30
Answer Stats
Hint Answer % Correct
Los Angeles, California Dodgers
95%
Baltimore, Maryland Orioles
95%
Anaheim, California Angels
90%
Atlanta, Georgia Braves
90%
Saint Louis, Missouri Cardinals
90%
Seattle, Washington Mariners
90%
New York City Queens, New York Mets
90%
Cincinnati, Ohio Reds
90%
Boston, Massachusetts Red Sox
90%
Chicago South Side, Illnois White Sox
90%
Chicago North Side, Illinois Cubs
86%
San Francisco, California Giants
86%
San Diego, California Padres
86%
Philadelphia, Pennsylvania Phillies
86%
Denver, Colorado Rockies
86%
Kansas City, Missouri Royals
86%
New York City Bronx, New York Yankees
86%
Toronto, Canada Blue Jays
81%
Milwaukee, Wisconsin Brewers
81%
Phoenix, Arizona Diamondbacks
81%
Miami, Florida Marlins
81%
Washington District Of Colombia, Maryland Nationals
81%
Pittsburgh, Pennsylvania Pirates
81%
Arlington, Texas Rangers
81%
Detroit, Michigan Tigers
81%
Minneapolis, Minnesota Twins
81%
Houston, Texas Astros
76%
Sacramento, California Athletics
76%
Cleveland, Ohio Guardians
76%
Saint Petersburg, Florida Rays
76%
No matching quizzes found
Score Distribution
Percent of People with Each Score
Percentile by Number Answered
Your Score History
You have not taken this quiz